La coyuntura electoral 2005-2007: lecciones aprendidas de la perspectiva de los partidos políticos en Centroamérica /

সংরক্ষণ করুন:
গ্রন্থ-পঞ্জীর বিবরন
প্রধান লেখক: Rosales, Rotsay
বিন্যাস: পাঠ‍্য
ট্যাগগুলো: ট্যাগ যুক্ত করুন
কোনো ট্যাগ নেই, প্রথমজন হিসাবে ট্যাগ করুন!

MARC

LEADER 00000 a a2200000 04500
001 43589
003
040
100 |a Rosales, Rotsay  
245 |a La coyuntura electoral 2005-2007:   |b lecciones aprendidas de la perspectiva de los partidos políticos en Centroamérica /  |c Rotsay Rosales  
773 |g páginas 205-218  
999 |c 40003  |d 40003